Detalles MARC
| 000 -LEADER |
| campo de control de longitud fija |
02703cam a22005774i 4500 |
| 003 - IDENTIFICADOR DE NÚMERO DE CONTROL |
| campo de control |
PE-LiUPU |
| 005 - FECHA Y HORA DE LA ÚLTIMA TRANSACCIÓN |
| campo de control |
20250731172848.0 |
| 008 - DATOS DE LONGITUD FIJA--INFORMACIÓN GENERAL |
| campo de control de longitud fija |
140519t20142014enk rb 001 0 eng d |
| 020 ## - NÚMERO INTERNACIONAL ESTÁNDAR DEL LIBRO |
| Número Internacional Estándar del Libro |
0830826335 |
| Información calificativa |
(USA) |
| 020 ## - NÚMERO INTERNACIONAL ESTÁNDAR DEL LIBRO |
| Número Internacional Estándar del Libro |
1783591374 |
| Información calificativa |
(UK) |
| 020 ## - NÚMERO INTERNACIONAL ESTÁNDAR DEL LIBRO |
| Número Internacional Estándar del Libro |
9780830826339 |
| Información calificativa |
(USA) |
| 020 ## - NÚMERO INTERNACIONAL ESTÁNDAR DEL LIBRO |
| Número Internacional Estándar del Libro |
9781783591374 |
| Información calificativa |
(UK) |
| 035 ## - NÚMERO DE CONTROL DEL SISTEMA |
| Número de control de sistema |
(Sirsi) i9780830826339 |
| 040 ## - FUENTE DE CATALOGACIÓN |
| Centro catalogador/agencia de origen |
YDXCP |
| Lengua de catalogación |
spa |
| Normas de descripción |
rda |
| Centro/agencia transcriptor |
YDXCP |
| Centro/agencia modificador |
BTCTA |
| -- |
OCLCQ |
| -- |
KTS |
| -- |
OCLCO |
| -- |
UKMGB |
| -- |
TLE |
| -- |
OCLCQ |
| -- |
HNW |
| -- |
OCLCA |
| -- |
OCLCF |
| -- |
ZID |
| -- |
AHS |
| -- |
OCLCQ |
| -- |
AUTTC |
| -- |
DLC |
| -- |
PE-LiUPU |
| 049 ## - FONDOS LOCALES (OCLC) |
| Biblioteca depositaria |
PRUA |
| 050 #4 - SIGNATURA TOPOGRÁFICA DE LA BIBLIOTECA DEL CONGRESO |
| Número de clasificación |
BS1555.52 |
| Número de ítem |
.H357 2014 |
| 050 #4 - SIGNATURA TOPOGRÁFICA DE LA BIBLIOTECA DEL CONGRESO |
| Número de clasificación |
BS1555.53 |
| Número de ítem |
.H36 2014 |
| 082 04 - NÚMERO DE LA CLASIFICACIÓN DECIMAL DEWEY |
| Número de clasificación |
224.506 |
| Cutter |
H19 |
| Número de edición |
23 |
| 100 1# - ENTRADA PRINCIPAL--NOMBRE DE PERSONA |
| Nombre de persona |
Hamilton, James M., |
| Término indicativo de función/relación |
autor. |
| 245 10 - MENCIÓN DEL TÍTULO |
| Título |
With the clouds of heaven : |
| Resto del título |
the book of Daniel in biblical theology / |
| Mención de responsabilidad, etc. |
James M. Hamilton. |
| 246 30 - FORMA VARIANTE DEL TITULO |
| Título propio/Titulo breve |
Book of Daniel in biblical theology. |
| 264 #1 - PRODUCCIÓN, PUBLICACIÓN, DISTRIBUCIÓN, FABRICACIÓN Y COPYRIGHT |
| Producción, publicación, distribución, fabricación y copyright |
Nottingham, England : |
| Nombre del de productor, editor, distribuidor, fabricante |
Apollos, |
| Fecha de producción, publicación, distribución, fabricación o copyright |
2014. |
| 300 ## - DESCRIPCIÓN FÍSICA |
| Extensión |
263 páginas ; |
| Dimensiones |
22 centímetros. |
| 336 ## - TIPO DE CONTENIDO |
| Término de tipo de contenido |
text |
| Fuente |
rdacontent |
| 337 ## - TIPO DE MEDIO |
| Nombre/término del tipo de medio |
unmediated |
| Fuente |
rdamedia |
| 338 ## - TIPO DE SOPORTE |
| Nombre/término del tipo de soporte |
volume |
| Fuente |
rdacarrier |
| 490 0# - MENCIÓN DE SERIE |
| Mención de serie |
New studies in biblical theology ; |
| Designación de volumen o secuencia |
32 |
| 504 ## - NOTA DE BIBLIOGRAFÍA, ETC. |
| Nota de bibliografía, etc. |
Bibliografía : páginas 237-246. |
| 504 ## - NOTA DE BIBLIOGRAFÍA, ETC. |
| Nota de bibliografía, etc. |
Índice : páginas 247-263. |
| 505 0# - NOTA DE CONTENIDO CON FORMATO |
| Nota de contenido con formato |
Preliminaries -- From Eden to the end : Daniel in Old Testament salvation history -- The literary structure of Daniel -- Four kingdoms ; then everlasting dominion : the history of the future -- Seventy weeks and seventy weeks of years : Daniel's prayer and Gabriel's revelation -- The one like a son of man and other heavenly beings in Daniel -- Interpretations of Daniel in early Jewish literature -- Interpretations of Daniel in the New Testament (except Revelation) -- Interpretations of Daniel in the apocalypse -- Typological patterns : Daniel in biblical theology. |
| 526 ## - NOTA DE INFORMACIÓN SOBRE EL PROGRAMA DE ESTUDIO |
| Nombre del programa |
Segunda Especialidad En Profecías Bíblicas |
| 526 ## - NOTA DE INFORMACIÓN SOBRE EL PROGRAMA DE ESTUDIO |
| Nombre del programa |
Segunda Especialidad En Nuevo Testamento |
| 526 ## - NOTA DE INFORMACIÓN SOBRE EL PROGRAMA DE ESTUDIO |
| Nombre del programa |
Segunda Especialidad En Antiguo Testamento |
| 526 ## - NOTA DE INFORMACIÓN SOBRE EL PROGRAMA DE ESTUDIO |
| Nombre del programa |
Segunda Especialidad En Estudios Adventistas |
| 526 ## - NOTA DE INFORMACIÓN SOBRE EL PROGRAMA DE ESTUDIO |
| Nombre del programa |
Doctorado en teología |
| 526 ## - NOTA DE INFORMACIÓN SOBRE EL PROGRAMA DE ESTUDIO |
| Nombre del programa |
Maestría en teología histórica |
| 526 ## - NOTA DE INFORMACIÓN SOBRE EL PROGRAMA DE ESTUDIO |
| Nombre del programa |
Maestría en teología bíblica |
| 526 ## - NOTA DE INFORMACIÓN SOBRE EL PROGRAMA DE ESTUDIO |
| Nombre del programa |
Maestría en teología |
| 526 ## - NOTA DE INFORMACIÓN SOBRE EL PROGRAMA DE ESTUDIO |
| Nombre del programa |
Maestría en misionología |
| 526 ## - NOTA DE INFORMACIÓN SOBRE EL PROGRAMA DE ESTUDIO |
| Nombre del programa |
Maestría en liderazgo eclesiástico |
| 526 ## - NOTA DE INFORMACIÓN SOBRE EL PROGRAMA DE ESTUDIO |
| Nombre del programa |
Teología |
| 596 ## - |
| -- |
1 |
| 630 00 - PUNTO DE ACCESO ADICIONAL DE MATERIA--TÍTULO UNIFORME |
| Título uniforme |
Biblia. |
| Nombre de parte o sección de la obra |
Antiguo Testamento. |
| -- |
Daniel |
| Subdivisión de forma |
Comentarios. |
| 630 00 - PUNTO DE ACCESO ADICIONAL DE MATERIA--TÍTULO UNIFORME |
| Título uniforme |
Biblia. |
| Nombre de parte o sección de la obra |
Antiguo Testamento. |
| -- |
Daniel |
| Subdivisión general |
Crítica e interpretación. |
| 910 ## - DATOS DE OPCIÓN DEL USUARIO (OCLC) |
| Datos de opción del usuario |
jck |
| -- |
jck |
| -- |
jck |
| -- |
20160606 |
| 942 ## - ELEMENTOS DE ENTRADA SECUNDARIOS (KOHA) |
| Fuente del sistema de clasificación o colocación |
Clasificación Decimal Dewey |
| Tipo de ítem Koha |
|
| 949 ## - PROCESAMIENTO DE INFORMACIÓN LOCAL (OCLC) |
| a |
224.506 H19 |
| w |
DEWEY |
| c |
1 |
| i |
73513 |
| d |
2016-8-28 |
| e |
2016-8-21 |
| l |
CCODEBUL1 |
| m |
BUL |
| n |
1 |
| p |
12.50 |
| r |
0 |
| s |
Y |
| t |
BOOK |
| u |
2016-6-6 |
| x |
TEOLOGIA |
| -- |
P85 |
| 0 |
COMPRA |
| o |
.STAFF. Posgrado |
| 994 ## - |
| -- |
C0 |
| -- |
PEPRU |
| 999 ## - NÚMEROS DE CONTROL DE SISTEMA (KOHA) |
| -- |
DEWEY |
| -- |
73513 |
| -- |
2018-11-12 |
| -- |
2021-11-9 |
| -- |
5 |
| -- |
CCODEBUL1 |
| -- |
BUL |
| -- |
4 |
| -- |
12.50 |
| -- |
2 |
| -- |
0 |
| -- |
Y |
| -- |
BOOK |
| -- |
2016-6-6 |
| -- |
TEOLOGIA |
| -- |
P85 |
| -- |
COMPRA |
| -- |
.STAFF. Colección Teología |
| 980 ## - EQUIVALENCIA O REFERENCIA-CRUZADA-MENCIÓN DE SERIE--NOMBRE DE PERSONA/TÍTULO [LOCAL, CANADÁ] |
| ID del último usuario que modificó el registro |
1 |
| Nombre del último usuario que modificó el registro |
ALBERTO SANCHEZ Responsable de Automatización |